La CIA y sus objetivos: cómo trabaja la contrarrevolución

Aborda el papel de la contrarrevolución salvadoreña explicando sus razones y alcances y el papel contra el imperialismo. Presenta objetivos de la Agencia Central de Inteligencia (CIA) estadounidense en países centroamericanos, latinos o donde consideren haber perdido su hegemonía. Recupera y analiza...

ver descrição completa

Na minha lista:
Detalhes bibliográficos
Formato: Desconhecido
Idioma:Spanish
Publicado em: Nicaragua : Ediciones Monimbó 1980
Assuntos:
Tags: Adicionar Tag
Sem tags, seja o primeiro a adicionar uma tag!

MARC

LEADER 00000 a2200000 04500
001 49282
003 cru CIDCACS/IIS
005 20230707090723.0
008 050602s1980 nq spa d
040 |c cru CIDCACS/IIS  |d CRAI 
090 |a 01.02.06 C565c  
245 |a La CIA y sus objetivos:   |b cómo trabaja la contrarrevolución  
260 |a Nicaragua :   |b Ediciones Monimbó   |c 1980 
300 |a 33 páginas  
520 |a Aborda el papel de la contrarrevolución salvadoreña explicando sus razones y alcances y el papel contra el imperialismo. Presenta objetivos de la Agencia Central de Inteligencia (CIA) estadounidense en países centroamericanos, latinos o donde consideren haber perdido su hegemonía. Recupera y analiza textos de propaganda y programas destinados a cumplir esos objetivos. RAR 14/01/22 
650 4 |2 OCDE  |9 1924  |a IMPERIALISMO 
650 4 |2 CIDCSO  |9 9273  |a CONTRARREVOLUCION 
650 0 |2 OCDE  |9 3  |a MOVIMIENTOS SOCIALES 
942 |2 ddc  |c LI 
999 |c 15609  |d 15609